000 00573nam a22001817a 4500
999 _c188458
_d188458
005 20220524110934.0
010 _aENG-132794
020 _a9788178543284
_c750.00
035 _aEN-116326
037 _bDBAD/PUB
082 _a250
100 _aOldenberg, Hermann
245 _aThe Dipavamsa:
_bAn Ancient Buddhist Historical Record/
_cHermann Oldeberg
260 _aDelhi
_bEastern Book Linkers
_c2017
270 _bDelhi
_a5825, New Chandrawal, Jawahar Nagar
_e110007
_meblindology@gmail.com
300 _a241p
_c22cm(hbk)
942 _2ddc
_cEN
_h250
_mOLD